000 00523nam a22001817a 4500
005 20230717122030.0
008 230717b |||||||| |||| 00| 0 eng d
020 _a9788126519316
082 _a621.392
_bPAD-D
100 _aPadmanabhan, Tattamangalam R.
245 _aDesign through Verilog HDL:
_bPadmanabhan, Tattamangalam R.; Bala Tripura Sundari, B.
260 _aIndia
_bWiley
_c2009
300 _a455
500 _aInclude Index
650 _aEngineering
700 _aPadmanabhan, Tattamangalam R.
999 _c26022
_d26022